[Event "IX EICC"]
[Site "Plovdiv BUL"]
[Date "2008.05.02"]
[Round "11"]
[White "Stevic,H"]
[Black "Grigorov,G"]
[Result "1-0"]
[WhiteElo "2571"]
[BlackElo "2456"]

1.e4 c5 2.c3 Nf6 3.e5 Nd5 4.d4 cxd4 5.Nf3 Nc6 6.cxd4 d6 7.Bc4 Nb6 8.Bb5 dxe5
9.Nxe5 Bd7 10.Nxd7 Qxd7 11.Nc3 e6 12.O-O Be7 13.Qg4 O-O 14.Bxc6 bxc6 15.Bh6 Bf6
16.Rfd1 Kh8 17.Ne4 Qd8 18.Bg5 Bxg5 19.Nxg5 h6 20.Nf3 Nd7 21.Rd2 Qa5 22.Qf4 Qd5
23.h3 Kg8 24.a3 Rab8 25.Rc1 Rb3 26.Rcc2 Rc8 27.Ne5 Nxe5 28.dxe5 Rd3 29.Rxd3 Qxd3
30.Rd2 Qb1+ 31.Kh2 Rc7 32.b4 Rb7 33.Qf3 Rc7 34.Rd3 Qc1 35.Rd8+ Kh7 36.Qe4+ g6
37.h4 h5 38.Qf3 Qh6 39.Qf6 Qg7 40.Qg5 c5 41.bxc5 Rxc5 42.f4 Ra5 43.Rd7 Rxa3
44.Qe7 Ra4 45.g3 g5 46.hxg5 h4 47.Qxf7 Qxf7 48.Rxf7+ Kg6 49.Rf6+ Kh5 50.Kh3  1-0

[Event "IX EICC"]
[Site "Plovdiv BUL"]
[Date "2008.05.02"]
[Round "11"]
[White "Kryvoruchko,Y"]
[Black "Movsesian,S"]
[Result "1/2-1/2"]
[WhiteElo "2612"]
[BlackElo "2695"]

1.e4 c5 2.c3 Nf6 3.e5 Nd5 4.Nf3 d6 5.d4 cxd4 6.cxd4 Nc6 7.Bc4 Nb6 8.Bb5 dxe5
9.Nxe5 Bd7 10.Nxd7 Qxd7 11.Nc3  1/2-1/2

[Event "IX EICC"]
[Site "Plovdiv BUL"]
[Date "2008.05.02"]
[Round "11"]
[White "Rigopoulos Tsigkos,A"]
[Black "Ljangov,P"]
[Result "1-0"]
[WhiteElo "1980"]
[BlackElo "2192"]

1.e4 c5 2.c3 Nf6 3.e5 Nd5 4.d4 cxd4 5.Nf3 Nc6 6.Bc4 Nb6 7.Bb3 d5 8.exd6 Qxd6
9.cxd4 Be6 10.Be3 Bxb3 11.Qxb3 Qb4+ 12.Nbd2 Qxb3 13.Nxb3 e6 14.O-O Be7 15.Ne5 Nxe5
16.dxe5 Nd5 17.Rac1 b6 18.Bd2 Kd7 19.f4 g6 20.Kf2 h5 21.Rc4 Rhc8 22.Rfc1 Rxc4
23.Rxc4 Rc8 24.Rxc8 Kxc8 25.Kf3 Kd7 26.Ke4 f5+ 27.Kd4 Kc6 28.a3 Bc5+ 29.Nxc5 bxc5+
30.Kd3 Nb6 31.Ba5 c4+ 32.Kd4 Na4 33.Bc3 Kb5 34.g3 Nc5 35.Bd2 a6 36.Be1 Nb3+
37.Kc3 Kc5 38.Bf2+ Kd5 39.a4 Nc1 40.Bb6 Na2+ 41.Kc2 Nb4+ 42.Kc3 Nc6 43.a5 g5
44.fxg5 Nxe5 45.Bd4 Ng6 46.h4 e5 47.Bf2 Nf8 48.Be3 Ng6 49.Bf2 Ne7 50.Be3 Ke4
51.Bc5 Ng6 52.Kxc4 Kf3 53.b4 Kxg3 54.b5 axb5+ 55.Kxb5 f4 56.a6 f3 57.a7 f2
58.Bxf2+ Kxf2 59.a8=Q Nxh4 60.Qe4 Kg3 61.g6 Nxg6 62.Qxg6+ Kf2 63.Qf5+ Kg2
64.Qxh5  1-0

[Event "ch-NED U21"]
[Site "Venlo NED"]
[Date "2008.05.02"]
[Round "8"]
[White "Van Oosterom,C"]
[Black "De Groote,E"]
[Result "1-0"]
[WhiteElo "2399"]
[BlackElo "2256"]

1.e4 c5 2.c3 Nf6 3.e5 Nd5 4.Nf3 e6 5.d4 cxd4 6.cxd4 d6 7.Bc4 Nc6 8.O-O Be7
9.a3 O-O 10.Re1 Qc7 11.Qe2 Nb6 12.Bd3 f5 13.exf6 Bxf6 14.Nc3 a6 15.Ne4 e5
16.dxe5 dxe5 17.Be3 Bg4 18.h3 Bh5 19.g4 Bg6 20.Nfg5 Rae8 21.Qc2 Kh8 22.Rad1 Na8
23.Nd6 Rd8 24.Bxg6 Bxg5 25.Nf7+ Rxf7 26.Bxf7 Bxe3 27.fxe3 Rxd1 28.Qxd1 Qxf7
29.Rf1 Qe7 30.Qd7 Nb6 31.Qxb7 h5 32.Qxc6  1-0

[Event "4NCL 2007-8"]
[Site "Sunningdale ENG"]
[Date "2008.05.05"]
[Round "11"]
[White "Coates,K"]
[Black "Pritchett,C"]
[Result "1-0"]
[WhiteElo "2234"]
[BlackElo "2315"]

1.e4 c5 2.c3 Nf6 3.e5 Nd5 4.d4 cxd4 5.Nf3 e6 6.cxd4 d6 7.Bc4 Be7 8.O-O O-O
9.Qe2 Bd7 10.Bd2 Nc6 11.Nc3 Nxc3 12.Bxc3 d5 13.Bd3 Nb4 14.Bxb4 Bxb4 15.h4 f5
16.exf6 gxf6 17.Rac1 Bd6 18.Qe3 Qe7 19.Rfe1 Kh8 20.Re2 Rg8 21.Qh6 Qf7 22.Rce1 Rae8
23.h5 Bf8 24.Qf4 Qxh5 25.Qxf6+ Bg7 26.Re5 Qg4 27.Qf7 Bb5 28.Rg5 Qxg5 29.Nxg5 Bxd3
30.Rxe6 Ref8 31.Qh5 Bxd4 32.Nf7+ Rxf7 33.Qxf7 Bg6 34.Qxb7 Be4 35.Rxe4 dxe4
36.Qxe4 Bxb2 37.g3 h6 38.Kg2 Rg7 39.f4 Rf7 40.Qg6 Rf6 41.Qc2 Ba3 42.Qc3 Be7
43.Qc7 Rf7 44.Qxa7 Kg7 45.Qd4+ Bf6 46.Qd5 Ra7 47.a4 Rc7 48.a5 Rc2+ 49.Kf3 Rc3+
50.Kg4 Ra3 51.a6 h5+ 52.Kxh5  1-0

[Event "Panamericano w"]
[Site "San Salvador ESA"]
[Date "2008.05.07"]
[Round "2"]
[White "Romero Echeverria,A"]
[Black "Zepeda,L"]
[Result "0-1"]
[WhiteElo "2000"]
[BlackElo "2145"]

1.e4 c5 2.c3 Nf6 3.e5 Nd5 4.d4 cxd4 5.cxd4 e6 6.Nc3 Nxc3 7.bxc3 d5 8.Nf3 Be7
9.Bd3 O-O 10.O-O Nd7 11.h4 Bxh4 12.g3 Be7 13.Kg2 f5 14.exf6 Bxf6 15.Bc2 Rf7
16.Ne5 Bxe5 17.dxe5 g6 18.Qd4 Qb6 19.Be3 Qxd4 20.cxd4 Nb6 21.Rh1 Bd7 22.Rh6 Ba4
23.Bd3 Rg7 24.Bg5 Nd7 25.Bf6 Nxf6 26.exf6 Rd7 27.g4 Rc7 28.Bxg6 hxg6 29.Rah1 Rac8
30.g5 e5 31.dxe5 Kf7 32.Re1 Ke6 33.Kg3 Bc2 34.f3 Bf5 35.Rh2 d4 36.Rd1 d3
37.Rb2 b6 38.Kf2 Rc2+ 39.Rd2 Rxb2 40.Rxb2 Rc2+  0-1

[Event "Kaupthing Open"]
[Site "Differdange LUX"]
[Date "2008.05.10"]
[Round "1"]
[White "Thalwitzer,D"]
[Black "Jansa,Vl"]
[Result "0-1"]
[WhiteElo "2193"]
[BlackElo "2489"]

1.e4 c5 2.c3 Nf6 3.e5 Nd5 4.d4 cxd4 5.Nf3 e6 6.cxd4 b6 7.Nc3 Nxc3 8.bxc3 Qc7
9.Bd2 Be7 10.Bd3 Ba6 11.Qe2 Bxd3 12.Qxd3 Nc6 13.O-O O-O 14.Rfe1 d5 15.exd6 Qxd6
16.Re4 Rac8 17.Rg4 f5 18.Rg3 Bf6 19.Re1 Ne7 20.Qe2 Rc6 21.Ne5 Bxe5 22.Qxe5 Qxe5
23.Rxe5 Nd5 24.h4 Rfc8 25.h5 Kf7 26.Rf3 Nxc3 27.g4 g6 28.hxg6+ hxg6 29.gxf5 gxf5
30.Bxc3 Rxc3 31.Rxc3 Rxc3 32.d5 exd5 33.Rxd5 Ke6 34.Rd2 Ke5 35.Kg2 Ke4 36.Re2+ Kd5
37.Rd2+ Ke6 38.f3 f4 39.Rb2  0-1

[Event "Kaupthing Open"]
[Site "Differdange LUX"]
[Date "2008.05.10"]
[Round "1"]
[White "Weller,M"]
[Black "Delorme,Ax"]
[Result "1/2-1/2"]
[WhiteElo "2023"]
[BlackElo "2377"]

1.e4 c5 2.c3 Nf6 3.e5 Nd5 4.d4 cxd4 5.Nf3 Nc6 6.cxd4 d6 7.Bc4 Nb6 8.Bb5 dxe5
9.Nxe5 Bd7 10.Bxc6 Bxc6 11.Nxc6 bxc6 12.Nc3 e6 13.O-O Be7 14.Be3 O-O 15.Rc1 Qd7
16.Qf3 a5 17.Ne4 Nd5 18.Nc5 Bxc5 19.Rxc5 Rfb8 20.Qe2 a4 21.Rfc1 Rb6 22.Qc2 Raa6
23.Rc4 Qa7 24.Bd2 h6 25.g3 Qb7 26.Rb1 Qa8 27.Rc1 Rb5 28.h4 f5 29.Re1 Qc8
30.Bc3 a3 31.b3 Nf6 32.f3 Qd7 33.Qe2 Kf7 34.Bd2 Nd5 35.Rec1 Rbb6 36.Kg2 Ra8
37.Kf2 Rg8 38.Rh1 Nf6 39.Qe5 Rb5 40.Rc5 Qb7 41.Re1 Re8 42.Rec1 Rc8 43.Qd6 Ne8
44.Rxb5 cxb5 45.Qxa3 Ra8 46.Qb2 Nf6 47.Bb4 Nd5 48.Bc5 b4 49.Qd2 Ra6 50.Rc2 f4
51.gxf4 Ra8  1/2-1/2

[Event "Kaupthing Open"]
[Site "Differdange LUX"]
[Date "2008.05.11"]
[Round "2"]
[White "Koch,Dir"]
[Black "Gretarsson,Hj"]
[Result "0-1"]
[WhiteElo "2120"]
[BlackElo "2291"]

1.e4 c5 2.c3 Nf6 3.e5 Nd5 4.d4 cxd4 5.Nf3 e6 6.cxd4 b6 7.Nc3 Nxc3 8.bxc3 Qc7
9.Qb3 Bb7 10.Bd3 Nc6 11.Bb2 Rc8 12.Rc1 Na5 13.Qc2 Nc4 14.O-O b5 15.Nd2 h6
16.f4 Ne3 17.Qb1 Nxf1 18.Rxf1 a6 19.f5 Be7 20.fxe6 dxe6 21.Bg6 O-O 22.Bh7+ Kh8
23.Nf3 Bd5 24.Bd3 Bc4 25.Nd2 Bxd3 26.Qxd3 f5 27.Nb3 Qc4 28.Qf3 Qd5 29.Qxd5 exd5
30.Rf3 g5 31.Bc1 Kg7 32.Kf1 Kg6 33.Rh3 Rc7 34.Ke2 Rfc8 35.Bd2 Rc4 36.Rd3 Ra4
37.Nc1 b4 38.Ke3 g4 39.cxb4 Bg5+ 40.Ke2 Rxc1 41.Bxc1 Bxc1 42.Rc3 Rxa2+ 43.Kf1 Bd2
44.Rc6+ Kg5 45.Rb6 Kf4  0-1

[Event "Kaupthing Open"]
[Site "Differdange LUX"]
[Date "2008.05.11"]
[Round "3"]
[White "Weller,M"]
[Black "Wagener,Cl"]
[Result "0-1"]
[WhiteElo "2023"]
[BlackElo "2275"]

1.e4 c5 2.c3 Nf6 3.e5 Nd5 4.d4 cxd4 5.Nf3 e6 6.cxd4 b6 7.Bd3 Ba6 8.O-O Bxd3
9.Qxd3 Nc6 10.Nc3 Nxc3 11.bxc3 d5 12.exd6 Qxd6 13.Bg5 h6 14.Bh4 Be7 15.Bg3 Qd7
16.Rfe1 O-O 17.Rad1 Bf6 18.Qe4 Rac8 19.Rd3 Rfd8 20.Red1 Ne7 21.Be5 Qd5 22.Qf4 Ng6
23.Qe3 Be7 24.Qe2 Qa5 25.Qd2 Bd6 26.Bxd6 Rxd6 27.g3 Rdc6 28.Rc1 Qd5 29.Qb2 b5
30.Qb3 Qc4 31.Qxc4 Rxc4 32.Nd2 Ra4 33.Rc2 Ne7 34.Nb3 Nd5 35.Nc5 Rc4 36.a3 b4
37.axb4 Nxb4 38.Rdd2 Nxc2 39.Rxc2 e5 40.Ra2 exd4 41.cxd4 Rxd4 42.Nb7 Ra8
43.Na5 Rd6 44.Nc4 Re6 45.Ra5 a6 46.Kg2 Rc8 47.Ne3 Kf8 48.Nf5 Rb8 49.Nd4 Rf6
50.Nf5 Rb5  0-1

[Event "Mayors Cup Open"]
[Site "Mumbai IND"]
[Date "2008.05.11"]
[Round "1"]
[White "Rathi,Y"]
[Black "Udeshi,A"]
[Result "0-1"]
[WhiteElo "1657"]
[BlackElo "2299"]

1.e4 c5 2.c3 Nf6 3.e5 Nd5 4.d4 cxd4 5.Nf3 e6 6.cxd4 b6 7.a3 Bb7 8.Bd3 Be7
9.O-O O-O 10.Bd2 d6 11.Nc3 Nd7 12.b4 Nxc3 13.Bxc3 Rc8 14.Rc1 Rc7 15.Bb2 Rxc1
16.Bxc1 Qa8 17.Be2 Rd8 18.Qb3 Bd5 19.Qe3 Rc8 20.Bd2 Qb8 21.Bb5 Qb7 22.Be2 b5
23.Qf4 Qb8 24.Re1 Nf8 25.Qg3 Ng6 26.Bg5 Bxf3 27.Bxf3 Bxg5 28.Qxg5 dxe5 29.dxe5 Nxe5
30.Be2 Nc4 31.Qc1 h6 32.h3 Qb7 33.Bf3 Qa6 34.Bg4 Qxa3 35.Qb1 Nd2 36.Qd1 Qxb4
37.Rxe6 fxe6 38.Bxe6+ Kf8 39.Bxc8 Qb1 40.Qxb1 Nxb1 41.Ba6 b4 42.Kf1 b3 43.Ke2 b2
44.Bd3 Nc3+ 45.Kd2 b1=Q 46.Bxb1 Nxb1+ 47.Kc2 Na3+  0-1

[Event "Mayors Cup Open"]
[Site "Mumbai IND"]
[Date "2008.05.11"]
[Round "1"]
[White "Surya Narayana,M"]
[Black "Priyadharshan,K"]
[Result "0-1"]
[WhiteElo "1727"]
[BlackElo "2317"]

1.e4 c5 2.c3 Nf6 3.e5 Nd5 4.d4 cxd4 5.Nf3 e6 6.cxd4 d6 7.Nc3 Nc6 8.Nxd5 exd5
9.Bd3 dxe5 10.Nxe5 Bb4+ 11.Bd2 Qa5 12.Nxc6 bxc6 13.a3 Bxd2+ 14.Qxd2 Qxd2+
15.Kxd2 a5 16.b4 Ke7 17.Rhc1 axb4 18.axb4 Bd7 19.h4 h6 20.Kc3 g5 21.hxg5 hxg5
22.Rh1 Rxa1 23.Rxa1 Rh2 24.Rg1 f5 25.Re1+ Kf6 26.Bf1 f4 27.f3 Bc8 28.b5 cxb5
29.Kb4 Rh1 30.Kxb5 Bf5 31.Kc5 Bd3 32.Bxd3 Rxe1 33.Kxd5 Rg1 34.Ke4 Re1+ 35.Kd5 Rg1
36.Ke4 Rxg2 37.Bf1 Rg1 38.Bh3 Rh1 39.Bg4 Re1+ 40.Kd5 Rg1 41.Bc8 Rc1 42.Bg4 Rg1
43.Bc8 g4 44.Ke4 Kg5 45.fxg4 Rxg4 46.Bxg4 Kxg4 47.d5 f3 48.Ke3 Kg3 49.d6 f2  0-1

[Event "Mayors Cup Open"]
[Site "Mumbai IND"]
[Date "2008.05.11"]
[Round "1"]
[White "Deodhar,V"]
[Black "Mishra,S"]
[Result "0-1"]
[WhiteElo "1412"]
[BlackElo "2278"]

1.e4 c5 2.c3 Nf6 3.e5 Nd5 4.g3 Nc6 5.d4 cxd4 6.cxd4 e6 7.Bg2 Bb4+ 8.Nd2 Nxd4
9.Qg4 Nc2+ 10.Kd1 Nce3+ 11.fxe3 Nxe3+ 12.Ke2 Nxg4 13.Ne4 b6 14.a3 Ba6+ 15.Kf3 Nxe5+
16.Kf2 Nd3+ 17.Ke3 Bc5+ 18.Kf3 Ne1+ 19.Kg4 f5+ 20.Kf4 Nxg2+ 21.Kf3 Ne1+ 22.Kf4 g5+
23.Ke5 Nd3+  0-1

[Event "Mayors Cup Open"]
[Site "Mumbai IND"]
[Date "2008.05.12"]
[Round "2"]
[White "Divyasri,C"]
[Black "Bakre,T"]
[Result "0-1"]
[WhiteElo "2110"]
[BlackElo "2455"]

1.e4 c5 2.c3 Nf6 3.e5 Nd5 4.d4 cxd4 5.Nf3 e6 6.cxd4 d6 7.Bc4 Nb6 8.Bb3 Be7
9.O-O Bd7 10.exd6 Bxd6 11.Ne5 Nc6 12.Re1 O-O 13.Nc3 Be8 14.Qg4 Kh8 15.Nxc6 Bxc6
16.Bf4 Bxf4 17.Qxf4 Nd5 18.Qg3 Nf6 19.Rad1 Qb6 20.Qd6 Rfd8 21.Qc5 Qxc5 22.dxc5 Nd7
23.Na4 Bxa4 24.Bxa4 Nxc5 25.Bc2 a5 26.b3 g6 27.f3 Kg7 28.Kf2 Kf6 29.Ke3 Ke7
30.h4 f5 31.a3 Rac8 32.Rc1 e5 33.h5 Ne6 34.hxg6 hxg6 35.Bd3 Nd4 36.b4 axb4
37.axb4 Nc6 38.b5 Nb4 39.Rxc8 Rxc8 40.Rb1 Nd5+ 41.Kd2 Ra8 42.Bc4 Nb6 43.Rf1 Ra2+
44.Ke1 Nd5 45.g3 Ne3 46.Rh1 Kd6 47.Be2 Nc2+ 48.Kf1 Nd4 49.Bd1 Nxb5  0-1

[Event "Mayors Cup Open"]
[Site "Mumbai IND"]
[Date "2008.05.12"]
[Round "3"]
[White "Surya Narayana,M"]
[Black "Gahan,M"]
[Result "0-1"]
[WhiteElo "1727"]
[BlackElo "2086"]

1.e4 c5 2.c3 Nf6 3.e5 Nd5 4.d4 cxd4 5.Nf3 Nc6 6.cxd4 d6 7.Bc4 Nb6 8.Bb3 dxe5
9.d5 Na5 10.Nc3 Bg4 11.Ba4+ Nxa4 12.Qxa4+ Bd7 13.Qe4 f6 14.O-O Rc8 15.Rd1 Nc4
16.b3 Nd6 17.Qe3 Qb6 18.Qd2 Bg4 19.Qd3 Qb4 20.Bb2 e4 21.Qe3 exf3 22.Rd4 Qc5
23.Rxg4 Qxe3 24.fxe3 fxg2 25.Kxg2 Kf7 26.e4 b5 27.e5 h5 28.Rf4 g5 29.Rf2 b4
30.Nd1 Ne4 31.Re2 Nc3 32.Bxc3 bxc3 33.e6+ Kg6 34.Rc1 f5 35.Rxc3 Bg7 36.Rxc8 Rxc8
37.Ne3 Rd8 38.Rd2 Be5 39.Nc4 Bd6 40.a3 f4 41.b4 g4 42.Na5 f3+ 43.Kg1 h4 44.Nc6 Rf8
45.Nxe7+ Bxe7 46.d6 Bg5 47.e7 Rh8 48.Rd5 Bf6 49.Kf2 Kf7 50.Rf5 Ke6 51.Rf4 g3+
52.Kxf3 gxh2  0-1

[Event "Kaupthing Open"]
[Site "Differdange LUX"]
[Date "2008.05.15"]
[Round "7"]
[White "Thalwitzer,D"]
[Black "Gretarsson,Hj"]
[Result "0-1"]
[WhiteElo "2193"]
[BlackElo "2291"]

1.e4 c5 2.c3 Nf6 3.e5 Nd5 4.d4 cxd4 5.Nf3 e6 6.cxd4 b6 7.Nc3 Nxc3 8.bxc3 Qc7
9.Bd2 Bb7 10.Bd3 d6 11.O-O Nd7 12.Re1 dxe5 13.Nxe5 Nxe5 14.Rxe5 Bd6 15.Bb5+ Bc6
16.Qa4 Bxb5 17.Qxb5+ Qd7 18.Rg5 g6 19.a4 f5 20.Qb3 Kf7 21.f4 Rac8 22.Re1 Be7
23.g4 Bxg5 24.gxf5 gxf5 25.fxg5 Rhe8 26.Re5 Kg7 27.h4 Qf7 28.Qd1 h5 29.gxh6+ Kh7
30.Qf3 Rcd8 31.Re2 Rd5 32.Bf4 Rc8 33.Bg5 f4 34.Qe4+ Qg6 35.Qxe6 Rxg5+ 36.hxg5 Qxg5+  0-1

[Event "43rd Capablanca Memorial Open"]
[Site "Havana CUB"]
[Date "2008.05.15"]
[Round "8"]
[White "Sequera Paolini,J"]
[Black "Capo Vidal,U"]
[Result "1/2-1/2"]
[WhiteElo "2405"]
[BlackElo "2342"]

1.e4 c5 2.c3 Nf6 3.e5 Nd5 4.g3 d6 5.exd6 e6 6.Bg2 Bxd6 7.Ne2 Nc6 8.d4 cxd4
9.Nxd4 Bd7 10.Nb5 Bc5 11.O-O a6 12.Bxd5 axb5 13.Bg2 O-O 14.Nd2 Qc7 15.Ne4 Be7
16.Be3 Rfd8 17.Qe2 b4 18.Rfc1 Qa5 19.cxb4 Nxb4 20.a3 Nd5 21.Bc5 Bxc5 22.Rxc5 Qb6
23.Rac1 Bc6 24.Ng5 Rd7 25.Nxe6 Re8 26.Bxd5 Bxd5 27.Rc8 Re7 28.Rxe8+ Rxe8
29.Nf4 Bc6 30.Qc2 Qd4 31.h4 h6 32.h5 Qe5 33.Kh2 Rd8 34.b4 Rd4 35.Qc5 Qxc5
36.Rxc5 Rd1 37.Ng2 Rb1 38.g4 Rb3 39.Ra5 g6 40.Ne3 Kg7 41.Kg3 Rb1 42.Kf4 Rb2
43.f3 Rb3 44.Nd5 b5 45.Ke4 Rb1 46.Ke5 Rd1 47.Nc3 Rd3 48.Ne4 Rxf3 49.Nc5 Re3+
50.Kf4 Rf3+ 51.Ke5 Re3+ 52.Kf4 Rf3+ 53.Ke5 Re3+ 54.Kf4  1/2-1/2

[Event "Mayors Cup Open"]
[Site "Mumbai IND"]
[Date "2008.05.15"]
[Round "6"]
[White "Rishi,T"]
[Black "Deshpande,Ani"]
[Result "1-0"]
[WhiteElo "1960"]
[BlackElo "2174"]

1.e4 c5 2.c3 Nf6 3.e5 Nd5 4.d4 cxd4 5.cxd4 e6 6.a3 d6 7.Nf3 Be7 8.Bd3 Nd7
9.O-O dxe5 10.dxe5 Nc5 11.Bc2 a5 12.Qd4 h5 13.Rd1 Bd7 14.Bd2 Bc6 15.Nc3 a4
16.Rac1 Qb6 17.Nxd5 Bxd5 18.Bb4 Nd7 19.Bxe7 Qxd4 20.Rxd4 Kxe7 21.Bxa4 Rhc8
22.Re1 Nb6 23.Bb5 Rc2 24.Rd2 Rac8 25.Bd3 Rxd2 26.Nxd2 Na4 27.b3 Nc5 28.Rc1 Kd8
29.Be2 Nxb3 30.Rxc8+ Kxc8 31.Nxb3 Bxb3 32.Bxh5 g6 33.Bf3 Bc2 34.h4 b6 35.g4 Kd7
36.Kg2 Ke7 37.Kg3 f5 38.Kf4 fxg4 39.Be4 Bd1 40.Bxg6 Kf8 41.Kg5 Kg7 42.h5 Bf3
43.h6+ Kh8 44.Kf6 Bd5 45.Bf7 Kh7 46.Bxe6  1-0

[Event "Mayors Cup Open"]
[Site "Mumbai IND"]
[Date "2008.05.15"]
[Round "6"]
[White "Malti,V"]
[Black "Ganesh,Ba"]
[Result "1-0"]
[WhiteElo "1891"]
[BlackElo "2120"]

1.e4 c5 2.c3 Nf6 3.e5 Nd5 4.d4 cxd4 5.Nf3 e6 6.cxd4 d6 7.Nc3 Nxc3 8.bxc3 Qc7
9.Qb3 Nc6 10.Bf4 Rb8 11.Bd3 Bd7 12.exd6 Bxd6 13.Bxd6 Qxd6 14.O-O O-O 15.Qd1 Rfd8
16.Ng5 h6 17.Ne4 Qe7 18.Bc2 f5 19.Nc5 b6 20.Nxd7 Qxd7 21.Re1 Kh8 22.Re3 Re8
23.Qe2 Re7 24.Re1 Rbe8 25.Qb5 Qd6 26.Qc4 e5 27.dxe5 Nxe5 28.Qf4 Qd2 29.Qxf5 Ng6
30.Rf1 Rxe3 31.fxe3 Qxg2+ 32.Kxg2 Nh4+ 33.Kg1 Nxf5 34.Rxf5 g6 35.Rf3 Kg7
36.Kf2 Re5 37.Bb3 Re7 38.Ke2 g5 39.Kd3 h5 40.h3 Kg6 41.e4 g4 42.hxg4 hxg4
43.Rf5 Rh7 44.Ke3 Rh3+ 45.Kf4 Rxc3 46.Kxg4 a5 47.Rb5 Rc6  1-0

[Event "Mayors Cup Open"]
[Site "Mumbai IND"]
[Date "2008.05.15"]
[Round "7"]
[White "Shrestha,K"]
[Black "Kiranpal,S"]
[Result "1/2-1/2"]
[WhiteElo "2154"]
[BlackElo "1927"]

1.e4 c5 2.c3 Nf6 3.e5 Nd5 4.d4 cxd4 5.Nf3 Nc6 6.Bc4 Nb6 7.Bb3 d6 8.exd6 e6
9.cxd4 Bxd6 10.O-O O-O 11.Nc3 Nd5 12.Nxd5 exd5 13.h3 Ne7 14.Ne5 f6 15.Nf3 Kh8
16.Re1 Re8 17.Be3 Bf5 18.Nd2 Bc7 19.Rc1 Qd6 20.Nf1 Nc6 21.Bc2 Qd7 22.Bxf5 Qxf5
23.a3 Bd6 24.Qb3 Qd7 25.Nd2 Rad8 26.Qd3 Ne7 27.Nf3 Ng6 28.Rc2 Rc8 29.Rec1 Rxc2
30.Rxc2 Rc8 31.Kf1 Rxc2 32.Qxc2 Kg8 33.Nd2 Kf7 34.Nb1 Kg8 35.Nc3 Ne7 36.Qb3 Qc6
37.Ke2 a6 38.g4 Kf7 39.Bd2 Bb8 40.Nd1 Bd6 41.Ne3 Bf4 42.Nd1 Bxd2 43.Kxd2 Ng6
44.Qe3 Nf8 45.Nc3 Ne6 46.Qf3 Nxd4 47.Qxd5+ Qxd5 48.Nxd5 Ke6  1/2-1/2

[Event "Mayors Cup Open"]
[Site "Mumbai IND"]
[Date "2008.05.15"]
[Round "7"]
[White "Surya Narayana,M"]
[Black "Joshi,M"]
[Result "1-0"]
[WhiteElo "1727"]
[BlackElo "2168"]

1.e4 c5 2.c3 Nf6 3.e5 Nd5 4.d4 cxd4 5.Nf3 Nc6 6.cxd4 d6 7.Bc4 Nb6 8.Bb3 e6
9.O-O Be7 10.Qe2 O-O 11.Nc3 Nb4 12.Rd1 Bd7 13.a3 N4d5 14.Ne4 Nc8 15.Bc2 g6
16.h4 Kg7 17.Qd2 f5 18.Qh6+ Kg8 19.h5 Be8 20.Nfg5 Bxg5 21.Bxg5 Qc7 22.Nf6+ Nxf6
23.Bxf6 gxh5 24.Rd3 Bg6 25.Rg3 Qf7 26.Bd1 h4 27.Rg5 dxe5 28.dxe5  1-0

[Event "Kaupthing Open"]
[Site "Differdange LUX"]
[Date "2008.05.16"]
[Round "8"]
[White "Gharamian,T"]
[Black "Kritz,L"]
[Result "1/2-1/2"]
[WhiteElo "2554"]
[BlackElo "2609"]

1.e4 c5 2.c3 Nf6 3.e5 Nd5 4.d4 cxd4 5.Nf3 e6 6.cxd4 d6 7.Bc4 Nb6 8.Bd3 Bd7
9.O-O Bc6 10.Nc3 N8d7 11.Qe2 dxe5 12.dxe5 Nc5 13.Bc2 Nd5 14.Rd1 Be7 15.Be3 O-O
16.Bxc5 Bxc5 17.Nxd5 Bxd5 18.Be4 Re8 19.Rd2 Qa5 20.Bxd5 exd5 21.Rad1 Rad8
22.a3 Bb6 23.Qd3 h6 24.Qb3  1/2-1/2

[Event "26th Open"]
[Site "Elba ITA"]
[Date "2008.05.16"]
[Round "7"]
[White "Brunello,M"]
[Black "Ortega,Le"]
[Result "0-1"]
[WhiteElo "2035"]
[BlackElo "2459"]

1.e4 c5 2.c3 Nf6 3.e5 Nd5 4.d4 cxd4 5.Nf3 e6 6.cxd4 d6 7.Bc4 Nb6 8.Bb5+ Bd7
9.Qe2 Bxb5 10.Qxb5+ Nc6 11.Nc3 Qd7 12.O-O Be7 13.Bf4 d5 14.Qe2 O-O 15.Rac1 Rfc8
16.Rfd1 a6 17.Bg5 Rc7 18.Bxe7 Nxe7 19.Nh4 Rac8 20.Qg4 Na4 21.Rd2 b5 22.Rcd1 Nxc3
23.bxc3 Rxc3 24.f4 Rc1 25.Qh5 R8c2 26.Rxc2 Rxc2 27.g4 Qc7 28.f5 Rc1 29.Rxc1 Qxc1+
30.Kg2 g6  0-1

[Event "Mayors Cup Open"]
[Site "Mumbai IND"]
[Date "2008.05.17"]
[Round "9"]
[White "Surya Narayana,M"]
[Black "Antonio,V"]
[Result "1/2-1/2"]
[WhiteElo "1727"]
[BlackElo "2127"]

1.e4 c5 2.c3 Nf6 3.e5 Nd5 4.d4 cxd4 5.Nf3 Nc6 6.cxd4 d6 7.Bc4 e6 8.O-O Be7
9.Qe2 O-O 10.Qe4 Ndb4 11.exd6 Qxd6 12.Bf4 Qd8 13.Nc3 Na5 14.Qe2 Nxc4 15.Qxc4 Nd5
16.Nxd5 exd5 17.Qc7 Qxc7 18.Bxc7 Bg4 19.Ne5 Bf5 20.Ba5 f6 21.Nf3 Rac8 22.Rfe1 Bd6
23.Nh4 Bd7 24.g3 f5 25.Nf3 f4 26.Ne5 Bh3 27.Rac1 Rce8 28.Bd2 g5 29.gxf4 gxf4
30.f3 Re7 31.Kf2 Kh8 32.Rg1 Rxe5 33.dxe5 Bxe5 34.Rg5 Bf5 35.Bc3 d4 36.Bb4 Bf6
37.Bxf8 Bxg5 38.Ke2 h6 39.Bd6 Bd7 40.Be5+ Kg8 41.Bxd4 a6 42.b3 Bc6 43.a4 Kf7
44.Rc5 Ke6 45.h4 Bxh4 46.Rh5 Bg5 47.Bg7 Be8  1/2-1/2

[Event "Mayors Cup Open"]
[Site "Mumbai IND"]
[Date "2008.05.17"]
[Round "9"]
[White "Pandit,A"]
[Black "Kiranpal,S"]
[Result "1/2-1/2"]
[WhiteElo "2158"]
[BlackElo "1927"]

1.e4 c5 2.c3 Nf6 3.e5 Nd5 4.d4 cxd4 5.Nf3 Nc6 6.cxd4 d6 7.Nc3 Nxc3 8.bxc3 e6
9.exd6 Bxd6 10.Bd3 Qc7 11.O-O Bd7 12.Be3 h6 13.Qe2 O-O 14.h3 Rae8 15.c4 e5
16.Bb1 exd4 17.Qd3 f5 18.Bxd4 Nxd4 19.Nxd4 Bh2+ 20.Kh1 Be5 21.Bc2 Rd8 22.Rad1 Bc6
23.Qe3 f4 24.Qd3 Bxd4 25.Qh7+ Kf7 26.Qg6+ Kg8 27.Qh7+ Kf7  1/2-1/2

[Event "Mayors Cup Open"]
[Site "Mumbai IND"]
[Date "2008.05.17"]
[Round "9"]
[White "Ankit,R"]
[Black "Jadhav,R"]
[Result "1-0"]
[WhiteElo "2161"]
[BlackElo "1876"]

1.e4 c5 2.c3 Nf6 3.e5 Nd5 4.d4 e6 5.Nf3 Nc6 6.Bc4 Nb6 7.Bd3 cxd4 8.cxd4 d6
9.exd6 Bxd6 10.O-O O-O 11.Re1 h6 12.Nc3 Bd7 13.a3 Rc8 14.Bc2 Ne7 15.Ne4 Bb8
16.Nc5 Bc6 17.Qd3 Ng6 18.Nxe6 fxe6 19.Qxg6 Rf6 20.Qh7+ Kf7 21.Ne5+ Kf8 22.Qh8+ Ke7
23.Qxg7+  1-0

[Event "ch-LTU"]
[Site "Kaunas LTU"]
[Date "2008.05.19"]
[Round "3"]
[White "Slapikas,V"]
[Black "Pileckis,E"]
[Result "0-1"]
[WhiteElo "2347"]
[BlackElo "2403"]

1.e4 c5 2.c3 Nf6 3.e5 Nd5 4.d4 cxd4 5.Qxd4 e6 6.Nf3 Nc6 7.Qe4 Qc7 8.Bc4 Nde7
9.O-O Ng6 10.Re1 Ncxe5 11.Nxe5 Nxe5 12.Bxe6 dxe6 13.Qxe5 Qxe5 14.Rxe5 Bd7
15.Re1 f6 16.Be3 e5 17.Nd2 Kf7 18.f4 exf4 19.Bxf4 Rd8 20.Nb3 Be6 21.Be3 Bxb3
22.axb3 a6 23.Rad1 Be7 24.Bb6 Rd6 25.Rxd6 Bxd6 26.Rd1 Ke6 27.Kf2 h5 28.h3 h4
29.Re1+ Kd7 30.Re4 Rh5 31.Be3 Rf5+ 32.Ke2 g5 33.Bd4 Be5 34.c4 Kd6 35.b4 Ke6
36.b3 Rf4 37.Rxf4 Bxf4 38.Kf3 f5 39.Bc3 Be5 40.Bd2 Kf6 41.Be3 Bd6 42.Bd4+ Kg6
43.Bc3 Be7 44.Bd2 Bf6 45.Be3 Kh5 46.Bc5 Be5 47.Be7 Bg3 48.Ke3 g4 49.Bd8 Kg6
50.Be7 f4+ 51.Ke2 f3+ 52.Kf1 gxh3 53.gxf3 Kf5 54.b5 axb5 55.cxb5 Kf4 56.Kg1 Kxf3
57.Bd8 Ke4 58.Be7 Kd5 59.Kh1 Bd6 60.Bxh4 Kc5 61.Be1 Kxb5 62.Bc3 Kc5 63.Kg1 Kd5
64.Bf6 b5 65.Bd8 Kd4 66.Ba5 Kd3 67.Kh1 Kc2 68.b4 Kc3 69.Kg1 Kc4 70.Kf2 Bxb4
71.Bc7 Kd5 72.Kf3 Bd6 73.Ba5 Kc4 74.Bd2 Be5 75.Kf2 Bc3 76.Bg5 b4 77.Kg3 b3
78.Bc1 Kd3 79.Kxh3 Kc2 80.Ba3 Bb4  0-1

[Event "Mayors Cup Open"]
[Site "Mumbai IND"]
[Date "2008.05.19"]
[Round "11"]
[White "Ankit,R"]
[Black "Niraj,N"]
[Result "1/2-1/2"]
[WhiteElo "2161"]
[BlackElo "2011"]

1.e4 c5 2.c3 Nf6 3.e5 Nd5 4.d4 cxd4 5.Nf3 e6 6.cxd4 d6 7.Nc3 dxe5 8.dxe5 Nxc3
9.Qxd8+ Kxd8 10.bxc3 Be7 11.Bf4 Bd7 12.Rd1 Ke8 13.Nd4 a6 14.Be2 Nc6 15.Nb3 Rc8
16.O-O Na7 17.c4 Nc6 18.Bf3 g5 19.Be3 Nxe5 20.Bxb7 Rxc4 21.Bd4 f6 22.Bxe5 fxe5
23.Bxa6 Ra4 24.Rxd7 Rxa6 25.Rd2 Kf7 26.Rc1 Rha8 27.Rcc2 R8a7 28.Re2 Kf6 29.Nd2 Kf5
30.Nc4 e4 31.Ne3+ Kg6 32.Nc4 h5 33.g3 Kf5 34.Kg2 g4 35.Ne3+ Kg5  1/2-1/2

[Event "Mayors Cup Open"]
[Site "Mumbai IND"]
[Date "2008.05.19"]
[Round "11"]
[White "Roop,S"]
[Black "Kulkarni,R"]
[Result "0-1"]
[WhiteElo "2022"]
[BlackElo "2181"]

1.e4 c5 2.c3 Nf6 3.e5 Nd5 4.d4 cxd4 5.Nf3 e6 6.cxd4 b6 7.Nc3 Nxc3 8.bxc3 Qc7
9.Bd2 d6 10.Bd3 Bb7 11.O-O Nd7 12.Ng5 dxe5 13.Qh5 g6 14.Qh3 Be7 15.Rae1 Bxg5
16.Bxg5 f5 17.dxe5 Kf7 18.Re3 h6 19.Bxf5 exf5 20.e6+ Kg7 21.exd7 hxg5 22.Re7+ Kf6
23.Qe3 Qxh2+  0-1

[Event "Capo d'Orso Open"]
[Site "Porto Mannu Palau ITA"]
[Date "2008.05.19"]
[Round "3"]
[White "Simone,M"]
[Black "Friedrich,N"]
[Result "0-1"]
[WhiteElo "1867"]
[BlackElo "2323"]

1.e4 c5 2.c3 Nf6 3.e5 Nd5 4.d4 cxd4 5.Bc4 Qc7 6.Qe2 Nb6 7.Bb3 d3 8.Qe4 d5
9.exd6 Qxd6 10.Bf4 Qc6 11.Nd2 Qxe4+ 12.Nxe4 Bf5 13.Nc5 e6 14.Nxb7 Be4 15.Nd6+ Bxd6
16.Bxd6 Bxg2 17.O-O-O Nc6 18.Rxd3 O-O-O 19.Nh3 Bxh1 20.Ng5 Rd7 21.Rd1 Bd5
22.Bxd5 exd5  0-1

[Event "ch-LTU"]
[Site "Kaunas LTU"]
[Date "2008.05.21"]
[Round "6"]
[White "Slapikas,V"]
[Black "Malisauskas,V"]
[Result "1/2-1/2"]
[WhiteElo "2347"]
[BlackElo "2489"]

1.e4 c5 2.c3 Nf6 3.e5 Nd5 4.d4 cxd4 5.Nf3 Nc6 6.Bc4 Nb6 7.Bb3 d6 8.exd6 Qxd6
9.O-O Be6 10.Na3 Bxb3 11.Qxb3 Qd7 12.Rd1 e6 13.Nxd4 Na5 14.Qb5 Bxa3 15.Qxa5 Be7
16.Qh5 Rd8 17.Be3 Qd5 18.Qe2 Qc4 19.b3 Qxe2 20.Nxe2 Nc8 21.Rxd8+ Kxd8 22.c4 Kc7
23.Rd1 Rd8 24.Bf4+ Kb6 25.Be3+ Kc7 26.Bf4+  1/2-1/2

[Event "ch-LTU"]
[Site "Kaunas LTU"]
[Date "2008.05.24"]
[Round "10"]
[White "Slapikas,V"]
[Black "Kveinys,A"]
[Result "1/2-1/2"]
[WhiteElo "2347"]
[BlackElo "2515"]

1.e4 c5 2.c3 Nf6 3.e5 Nd5 4.d4 cxd4 5.Nf3 e6 6.cxd4 d6 7.Bc4 Nc6 8.O-O Be7
9.a3 O-O 10.Qe2 Bd7 11.Qe4 Rc8 12.Bd3 f5 13.exf6 Nxf6 14.Qe2 Qe8 15.Nc3  1/2-1/2